Mora en el IFCM : (Record no. 211735)

MARC details
000 -CABECERA
campo de control de longitud fija 00804nam a2200205 a 4500
003 - IDENTIFICADOR DEL NÚMERO DE CONTROL
campo de control MX-MxUPN
005 - FECHA Y HORA DE LA ÚLTIMA TRANSACCIÓN
campo de control 20240918100651.0
008 - ELEMENTOS DE LONGITUD FIJA--INFORMACIÓN GENERAL
campo de control de longitud fija 240918s1987 mx |||||r|||| 000 0 spa d
040 ## - FUENTE DE LA CATALOGACIÓN
Centro catalogador/agencia de origen MX-MxUPN
Lengua de catalogación spa
Centro/agencia transcriptor MX-MxUPN
041 0# - CÓDIGO DE IDIOMA
Código de lengua del texto/banda sonora o título independiente spa
050 14 - SIGNATURA TOPOGRÁFICA DE LA BIBLIOTECA DEL CONGRESO
Número de clasificación NE1114.5 M6
Número de documento/Ítem M67 1987
100 1# - ASIENTO PRINCIPAL--NOMBRE PERSONAL
Nombre de persona Mora, Francisco
9 (RLIN) 53590
245 10 - MENCIÓN DE TÍTULO
Título Mora en el IFCM :
Resto del título grabados originales
260 ## - PUBLICACIÓN, DISTRIBUCIÓN, ETC.
Lugar de publicación, distribución, etc. México, D.F. :
Nombre del editor, distribuidor, etc. Secretaría de Educación Pública, Dirección General de Capacitación y Mejoramiento Profesional del Magisterio,
Fecha de publicación, distribución, etc. 1987.
300 ## - DESCRIPCIÓN FÍSICA
Extensión 1 portfolio (8 páginas, 7 hojas sueltas)
490 0# - MENCIÓN DE SERIE
Mención de serie La DGCMPM en el arte
500 ## - NOTA GENERAL
Nota general El porfolio incluye 1 cuadernillo y 7 grabados originales de Francisco Mora, incluyendo un certificado de autenticidad.
600 10 - ASIENTO SECUNDARIO DE MATERIA - NOMBRE PERSONAL
Nombre de persona Mora, Francisco
9 (RLIN) 53590
942 ## - ELEMENTOS DE PUNTO DE ACCESO ADICIONAL (KOHA)
Fuente del sistema de clasificación o colocación Library of Congress Classification
Tipo de ítem Koha Libro
Holdings
Estado de retiro Estado de pérdida Fuente del sistema de clasificación o colocación Estado dañado No para préstamo Código de colección Localización permanente Ubicación/localización actual Ubicación en estantería Fecha de adquisición Total de préstamos Clasificación Código de barras Fecha visto por última vez Precio válido a partir de Tipo de ítem Koha
    Library of Congress Classification   Disponible (Previa cita) Fondo Reservado de libros Bib. Gregorio Torres Quintero Bib. Gregorio Torres Quintero Sala de Fondos Reservados Planta alta 18/09/2024   NE1114.5 M6 M67 1987 340170 18/09/2024 18/09/2024 Libro